| 000 | 00678nam a2200265Ia 4500 | ||
|---|---|---|---|
| 003 | OSt | ||
| 005 | 20250930155623.0 | ||
| 008 | 210210b2010 xxu||||| |||| 00| 0 eng d | ||
| 040 |
_aAL _c |
||
| 041 | _aeng | ||
| 082 | _a332.1 RAMB | ||
| 100 |
_aB S Raman _928080 |
||
| 245 |
_aBanking theory law and practice _b: BCom BBM MCom MBA and institute of bankers examination |
||
| 260 |
_aMangalore _bUnited Publishers _c2010 |
||
| 300 | _a886p | ||
| 650 |
_aIMF _928088 |
||
| 650 |
_aIFC _928089 |
||
| 650 |
_aIBRD _928090 |
||
| 650 |
_aE banking _928092 |
||
| 650 |
_aATM _928097 |
||
| 650 |
_aADB _928099 |
||
| 650 |
_aADA _928100 |
||
| 906 | _a065468 | ||
| 942 |
_2ddc _cBK |
||
| 999 |
_c142814 _d142814 |
||